Le joueur brésilien le mieux classé par édition du Ballon d'Or - Statistiques

Statistiques générales
  • Ce quiz a été pris 129 fois
  • Le résultat moyen est 28 sur 30
Statistiques - réponses
Années Classement Postes Joueurs % Correct
2021 16 A Neymar
100%
2018 12 A Neymar
100%
2017 3 A Neymar
100%
2016 5 A Neymar
100%
2015 3 A Neymar
100%
2014 7 A Neymar
100%
2013 5 A Neymar
100%
2012 13 A Neymar
100%
2011 10 A Neymar
100%
2024 2 A Vinicius
99%
2023 6 A Vinicius
99%
2022 8 A Vinicius
99%
2006 4 A Ronaldinho
98%
2005 1 A Ronaldinho
98%
2004 3 A Ronaldinho
98%
2002 1 A Ronaldo
98%
1998 3 A Ronaldo
98%
1997 1 A Ronaldo
98%
1996 2 A Ronaldo
98%
1995 26 A Ronaldo
98%
2009 6 A Kaka
94%
2008 8 A Kaka
94%
2007 1 A Kaka
94%
2019 7 G Alisson Becker
90%
2001 7 A Rivaldo
89%
2000 6 A Rivaldo
89%
1999 1 A Rivaldo
89%
2025 5 A Raphinha
87%
2003 8 D Roberto Carlos
82%
2010 17 D Douglas Maicon
35%
Aucun quiz correspondant
Distribution des résultats
% des personnes avec chaque résultat
Percentile par nombre de réponses
Votre historique - résultats
Vous n’avez pas pris ce quiz